00262nam a2200121Ia 4500003000400000005001700004008004100021020001900062040001700081100001100098245002300109260000800132OSt20240322151719.0170523s9999 xx 000 0 und d a978-0230520936 ciimtu meerut aHARRIS 0aSERVICES MARKETING bPHI